10 najbardziej wysuniętych na północ państw na literę S - Statystyki

Ogólne statystyki
  • Ten quiz został rozwiązany 149 razy
  • Średni wynik to 7 z 10
Statystyki odpowiedzi
Szerokość geograficzna Państwo % Poprawnych
69,1 °N Szwecja
97%
49,6 °N Słowacja
87%
46,9 °N Słowenia
85%
47,8 °N Szwajcaria
80%
46,2 °N Serbia
74%
71,4 °N Stany Zjednoczone
66%
44,0 °N San Marino
62%
37,3 °N Syria
62%
22,2 °N Sudan
56%
17,4 °N Saint Kitts i Nevis
42%
Nie znaleziono quizów pasujących do podanych kryteriów
Rozkład punktacji
Procent ludzi z każdym wynikiem
Percentyl według liczby udzielonych odpowiedzi
Twoja historia wyników
Nie rozwiązałeś tego quizu